Evaluation of financial performance: (Record no. 24951)

MARC details
000 -LEADER
fixed length control field 00820nam a22002177a 4500
008 - FIXED-LENGTH DATA ELEMENTS--GENERAL INFORMATION
fixed length control field 090306t xxu||||| |||| 00| 0 eng d
010 ## - LCCN (DPL NO)
LC control number ENG-93106
020 ## - INTERNATIONAL STANDARD BOOK NUMBER
International Standard Book Number 9788190728171
Terms of availability 99.99
035 ## - SYSTEM CONTROL NUMBER
System control number EN-76639
037 ## - SOURCE OF ACQUISITION
Source of stock number/acquisition DBAD / PUB
040 ## - CATALOGING SOURCE
Original cataloging agency dpl
Language of cataloging English
082 ## - DEWEY DECIMAL CLASSIFICATION NUMBER
Classification number 658.15
100 ## - MAIN ENTRY--PERSONAL NAME
Personal name Sasikumar, G.
245 ## - TITLE STATEMENT
Title Evaluation of financial performance:
Statement of responsibility, etc by G. Sasikumar
Remainder of title (a case study of Ponni Sugars) /
260 ## - PUBLICATION, DISTRIBUTION, ETC. (IMPRINT)
Place of publication, distribution, etc Tiruvannamalai
Name of publisher, distributor, etc Image Computers
Date of publication, distribution, etc 2008
270 ## - ADDRESS
Address 52, Car Street,
City Tiruvannamalai
300 ## - PHYSICAL DESCRIPTION
Extent 76p.
Dimensions 20cm (pbk)
500 ## - GENERAL NOTE
General note Includes references
942 ## - ADDED ENTRY ELEMENTS (KOHA)
Source of classification or shelving scheme Dewey Decimal Classification
Item type English Books
Call number suffix SAS
Classification part 658.15
Holdings
Withdrawn status Lost status Source of classification or shelving scheme Damaged status Not for loan Collection code Home library Current library Date acquired Source of acquisition Cost, normal purchase price Total Checkouts Full call number Barcode Date last seen Copy number Cost, replacement price Koha item type
    Dewey Decimal Classification   Not For Loan Non-fiction D.B.Act.Division D.B.Act.Division 06/03/2009 DBAD / PUB 99.99   658.15 SAS EN-76639 06/03/2009 1 99.99 English Books

© Delhi Public Library
Hit Counter
free hit counter